Las publicaciones periódicas de biomedicina en las bibliotecas españolas / (Record no. 149627)

MARC details
000 -LEADER
campo de control de longitud fija 00890nam a2200217 i 4500
001 - NÚMERO DE CONTROL
campo de control 149627
003 - IDENTIFICADOR DE NÚMERO DE CONTROL
campo de control ES-MaACL
005 - FECHA Y HORA DE LA ÚLTIMA TRANSACCIÓN
campo de control 20230906203201.0
007 - CAMPO FIJO DE DESCRIPCIÓN FÍSICA--INFORMACIÓN GENERAL
campo de control de longitud fija t|
008 - DATOS DE LONGITUD FIJA--INFORMACIÓN GENERAL
campo de control de longitud fija 071023s1977 sp ||||1| spa d
100 1# - ENTRADA PRINCIPAL--NOMBRE DE PERSONA
Nombre de persona Vázquez de Parga, Margarita.
9 (RLIN) 113423
245 14 - MENCIÓN DEL TÍTULO
Título Las publicaciones periódicas de biomedicina en las bibliotecas españolas /
Mención de responsabilidad, etc. Margarita Vázquez de Parga.
260 ## - PUBLICACIÓN, DISTRIBUCIÓN, ETC.
Lugar de publicación, distribución, etc. Madrid :
Nombre del editor, distribuidor, etc. Ministerio de Educación y Ciencia, Dirección General del Patrimonio Artístico y Cultural,
Fecha de publicación, distribución, etc. 1977.
300 ## - DESCRIPCIÓN FÍSICA
Extensión 246 p. con 19 gráf. pleg. ;
Dimensiones 21 cm.
490 1# - MENCIÓN DE SERIE
Mención de serie Estudios, informes y normas ;
Designación de volumen o secuencia 16
500 ## - NOTA GENERAL
Nota general Precede al tít.: Comisaria Nacional de Bibliotecas.
650 14 - PUNTO DE ACCESO ADICIONAL DE MATERIA--TÉRMINO DE MATERIA
Término de materia o nombre geográfico como elemento de entrada Medicina-
Subdivisión de forma Publicaciones periódicas-
-- Catálogos colectivos.
9 (RLIN) 14915
830 0# - PUNTO DE ACCESO ADICIONAL DE SERIE-TÍTULO UNIFORME
Título uniforme Estudios, informes y normas ;
Designación de volumen o secuencia 16
9 (RLIN) 221101
852 ## - LOCALIZACIÓN
Ubicación ES-MaACL
Número de control de estantería A-6773
Sublocalización o colección R.96127
Holdings
Estatus retirado Estado de pérdida Estado de daño No para préstamo Biblioteca de origen Biblioteca actual Ubicación en estantería Fecha de adquisición Fuente de adquisición Total de préstamos Signatura topográfica completa Código de barras Visto por última vez Precio de reemplazo Tipo de ítem Koha
        Biblioteca del Ateneo de Madrid Biblioteca del Ateneo de Madrid Sala Pecera Planta 1 17/01/2008     A-6773 1156142 23/02/2023 23/02/2023 Libro impreso